Theologia Moralis

में बचाया:
ग्रंथसूची विवरण
मुख्य लेखक: Ligorio, Alfonso María de, Santo (autor)
स्वरूप: पुस्तक
भाषा:लैटिन
प्रकाशित: Roma Bassani 1836
संस्करण:14a. ed
विषय:
टैग: टैग जोड़ें
कोई टैग नहीं, इस रिकॉर्ड को टैग करने वाले पहले व्यक्ति बनें!

MARC

LEADER 00000cam a2200000 a 4500
001 UCD1804
003 CL-VaPUC
008 160331e18360000it |||||||||||||||||lat|d
082 0 4 |a 241  |b LIG  |2 21 
100 |a Ligorio, Alfonso María de,  |c Santo  |e autor  |9 611672 
245 1 0 |a Theologia Moralis 
250 |a 14a. ed 
300 |a t 
942 |c BK 
945 |d 20160331 23:10:00  |a dcastane 
260 |a Roma  |b Bassani  |c 1836 
650 0 |a Teología moral   |9 256617 
650 0 |a Teología cristiana  |9 308336 
650 7 |a CONFESIONES  |2 CL-VaPUC  |9 438538 
583 |a last modification  |c 20160331 23:10:00  |k Rodrigo Vera 
999 |c 363042  |d 363040 
952 |0 0  |1 0  |3 erd  |4 0  |6 241_000000000000000_LIG_1836  |7 0  |8 P  |9 474757  |a BIBTEO  |b BIBTES  |c TEO_FTES  |h t.1  |i 5278864  |o 241 LIG 1836  |p 5278864  |r 2024-01-18  |w 2019-11-24  |y BK  |z Catalogado en:20160331  |k ICR 
952 |0 0  |1 0  |3 erd  |4 0  |6 241_000000000000000_LIG_1836  |7 0  |8 P  |9 474758  |a BIBTEO  |b BIBTES  |c TEO_FTES  |h t.2  |i 5278872  |o 241 LIG 1836  |p 5278872  |r 2024-01-18  |w 2019-11-24  |y BK  |z Catalogado en:20160331  |k ICR